| 000 | 00485nam a22001937a 4500 | ||
|---|---|---|---|
| 003 | MPLRDC | ||
| 005 | 20220104160533.0 | ||
| 008 | 210129b ||||| |||| 00| 0 eng d | ||
| 020 | _a957-522-343-8 | ||
| 082 | _a855 LRH | ||
| 100 | _a赖瑞和 | ||
| 245 |
_a男人的育婴史 _c |
||
| 250 | _a初版 | ||
| 260 |
_a台湾 _b联合文学出版社有限公司 _c2001 |
||
| 300 | _b平 | ||
| 490 | _a联合文丛; 236 | ||
| 650 | _a散文;随笔、日记 | ||
| 942 |
_cBK _o855 LRH |
||
| 999 |
_c55036 _d55026 |
||